| 000 | 00582nam a2200229Ia 4500 | ||
|---|---|---|---|
| 003 | OSt | ||
| 005 | 20220926002518.0 | ||
| 006 | a|||||r|||| 00| 0 | ||
| 007 | ta | ||
| 008 | 220923b |||||||| |||| 00| 0 eng d | ||
| 037 | _cGeneral Book | ||
| 040 |
_aRTL _cRTL _beng |
||
| 041 |
_2eng _aeng |
||
| 082 | _aB281, N3 | ||
| 100 |
_aPitman Jim _9305989 |
||
| 245 | 0 | _aProbability | |
| 260 |
_a New Delhi _bNarosa _c1993 |
||
| 300 |
_axi, 493p _ccm. |
||
| 500 | _aAppendix: P 447-67 | ||
| 942 |
_hB281, N3 _cGB _2CC |
||
| 999 |
_c605292 _d605292 |
||